000 00274nam a2200097Ia 4500
008 220204s9999 xx 000 0 und d
082 _a91(540)
_bIND.1
245 0 _aGazetter of India. V1.Country and people
260 _aDelhi
_bMin Information &Broadcasting
_c1965
942 _cBK
999 _c40629
_d40629